| 000 | 01458cas a2200397 a 4500 | ||
|---|---|---|---|
| 001 | 16142040 | ||
| 003 | NUST | ||
| 005 | 20201015163848.0 | ||
| 008 | 100317c20079999pk mr p | 0eng | ||
| 010 | _a 2010340539 | ||
| 035 | _a(OCoLC)ocn557091523 | ||
| 038 | _aNasira | ||
| 040 |
_aDLC _beng _cDLC _dDLC _dOCLCF _dOCLCO _dOCL _dOCLCO _dOCL |
||
| 042 | _apcc | ||
| 043 | _aa-pk--- | ||
| 050 | 0 | 0 |
_aDS376 _b.J34 |
| 082 | _a000 | ||
| 245 | 0 | 0 |
_a72 Years of Pakistan, JWT Special Report Jahangir's world times/ _cMuhammad Sulaiman. |
| 246 | 1 | 3 | _aWorld times |
| 260 |
_aLahore : _bNabeel Niaz |
||
| 300 |
_av. : _bcol. ill.; _c28 cm. |
||
| 310 | _aMonthly | ||
| 362 | 1 | _aBegan in 2019. | |
| 588 | _aDescription based on: Vol. 3, issue 6 (Mar. 09); title from cover. | ||
| 590 | _aAcquired via LC overseas office. Islamabad Field Office. Most recent issues may not yet be available in LC Washington. | ||
| 648 | 7 |
_a1900-1999 _2fast _925422 |
|
| 650 | 0 |
_aAnnual Report - World times. _y20th century _vPeriodicals. _931619 |
|
| 650 | 7 |
_aPolitics and government _2fast _0(OCoLC)fst01919741 _91501 |
|
| 650 | 7 |
_aWorld politics. _2fast _0(OCoLC)fst01181381 _925424 |
|
| 651 | 0 |
_aPakistan _xPolitics and government _vPeriodicals. _919277 |
|
| 651 | 7 |
_aPakistan. _2fast _0(OCoLC)fst01210275 _925425 |
|
| 655 | 7 |
_aPeriodicals. _2fast _0(OCoLC)fst01411641 _925426 |
|
| 906 |
_a7 _bcbc _cserorig _d3 _encip _f20 _gn-oclcserc |
||
| 942 |
_2ddc _cCR _s1 |
||
| 999 |
_c536457 _d536457 |
||